| 000 | 00633nam a2200217 a 4500 | ||
|---|---|---|---|
| 001 | BRCA_1914 | ||
| 005 | 20190320203612.0 | ||
| 008 | 090608s1995----mx-a---###---#000-0#spa-# | ||
| 041 | _aspa | ||
| 044 | _amx | ||
| 050 | 4 |
_aNA4800 _b.M63 1995 |
|
| 245 | 1 | 0 | _aModo de empleo de la cédula de monumentos religiosos. |
| 260 |
_a[s.l] _b[s.n] _c1995 |
||
| 300 |
_a161 p. _bil. _c23 cm. |
||
| 500 | _aEjemplar engargolado | ||
| 500 | _aPor política no se presta a domicilio | ||
| 650 | 1 | 4 |
_aArquitectura religiosa _vGlosarios _95903 |
| 650 | 1 | 4 |
_aIglesia y conventos _xElementos arquitectónicos _95904 |
| 902 | _aeng | ||
| 942 |
_2lcc _cB |
||
| 999 |
_c1686 _d1686 |
||